[Event "HUN-chT2 Breyer 1718"]
[Site "Hungary"]
[Date "2018.05.06"]
[Round "11.8"]
[White "Szavin, Mark Laszlo"]
[Black "Sugar, Aron"]
[Result "1-0"]
[WhiteElo "1899"]
[BlackElo "1375"]
[PlyCount "39"]
[EventDate "2017.09.24"]
[EventType "team-tourn"]
[EventRounds "11"]
[EventCountry "HUN"]
[SourceTitle "EXT 2021"]
[Source "ChessBase"]
[SourceDate "2020.10.23"]
[SourceVersion "1"]
[SourceVersionDate "2020.10.23"]
[SourceQuality "1"]
[WhiteTeam "Zsambek"]
[BlackTeam "Paty"]
[WhiteTeamCountry "HUN"]
[BlackTeamCountry "HUN"]

1. e4 d6 2. d4 Nf6 3. Nc3 g6 4. Be3 Bg7 5. Qd2 0-0 6. 0-0-0 Nbd7 7. f3 e5 8. d5 Nb6 9. g4 h5 10. h3 Qe7 11. a4 Nbd7 12. Nge2 Nc5 13. Bg5 Ncd7 14. gxh5 gxh5 15. Ng3 Qe8 16. Nf5 Nh7 17. Rg1 Kh8 18. Nxg7 Kxg7 19. Bh6+ Kh8 20. Bg7+ 1-0

[Event "Budapest Art Pub Cup 4th"]
[Site "Budapest"]
[Date "2014.04.18"]
[Round "3"]
[White "Sugar, Aron"]
[Black "Filep, Gyorgy"]
[Result "0-1"]
[WhiteElo "1303"]
[BlackElo "1472"]
[PlyCount "66"]
[EventDate "2014.04.16"]
[EventType "swiss"]
[EventRounds "7"]
[EventCountry "HUN"]
[SourceTitle "EXT 2015"]
[Source "ChessBase"]
[SourceDate "2014.11.20"]
[SourceVersion "1"]
[SourceVersionDate "2014.11.20"]
[SourceQuality "1"]

1. d4 d5 2. Nf3 Nf6 3. Bf4 Bf5 4. e3 e6 5. Bd3 Bg6 6. c4 Bb4+ 7. Nbd2 Bxd3 8. Ne5 Bxd2+ 9. Qxd2 Bxc4 10. Bg5 Nbd7 11. b3 Ba6 12. Rc1 h6 13. Bh4 g5 14. Bg3 c6 15. Nxd7 Nxd7 16. h3 f5 17. Bh2 Qf6 18. Rg1 0-0-0 19. Rc2 Rhe8 20. Qc3 e5 21. g3 exd4 22. Qd2 dxe3 23. fxe3 Ne5 24. g4 Nf3+ 25. Kf2 Nxd2 26. Rxd2 Qc3 27. Rdd1 Qxe3+ 28. Kg2 Qe2+ 29. Kh1 Qf3+ 30. Rg2 Qxd1+ 31. Rg1 Qf3+ 32. Rg2 Re1+ 33. Bg1 Re2 0-1

[Event "Budapest Art Pub Cup 4th"]
[Site "Budapest"]
[Date "2014.04.18"]
[Round "2"]
[White "Szakaly, Botond"]
[Black "Sugar, Aron"]
[Result "1-0"]
[WhiteElo "1601"]
[BlackElo "1303"]
[PlyCount "93"]
[EventDate "2014.04.16"]
[EventType "swiss"]
[EventRounds "7"]
[EventCountry "HUN"]
[SourceTitle "EXT 2015"]
[Source "ChessBase"]
[SourceDate "2014.11.20"]
[SourceVersion "1"]
[SourceVersionDate "2014.11.20"]
[SourceQuality "1"]

1. e4 d6 2. Nf3 Nf6 3. Nc3 Nbd7 4. Bc4 g6 5. d4 Bg7 6. 0-0 0-0 7. h3 c5 8. e5 Ne8 9. e6 fxe6 10. Bxe6+ Kh8 11. Ng5 cxd4 12. Ne2 Ne5 13. f4 h6 14. fxe5 hxg5 15. Rxf8+ Bxf8 16. Bxc8 Rxc8 17. exd6 Qxd6 18. Qxd4+ Bg7 19. Qxd6 Nxd6 20. c3 Bf6 21. Be3 a6 22. Bd4 Bxd4+ 23. Nxd4 Nf5 24. Ne6 Kg8 25. Nxg5 Kg7 26. Re1 Kf6 27. Nf3 Rc6 28. g4 Ng7 29. g5+ Kf5 30. Nd4+ Kxg5 31. Nxc6 bxc6 32. Rxe7 Nf5 33. Ra7 Nh4 34. Rxa6 Nf3+ 35. Kf2 Ne5 36. Ra5 Kf6 37. Rxe5 Kxe5 38. Ke3 Ke6 39. a4 Kd7 40. Kd4 Kc7 41. Kc5 Kb7 42. b4 Kc7 43. b5 cxb5 44. axb5 Kb7 45. b6 Kb8 46. Kc6 Kc8 47. h4 1-0